| 000 | 00778nam a2200241 i#4500 | ||
|---|---|---|---|
| 001 | 6778 | ||
| 003 | ES-MaACL | ||
| 005 | 20250822035935.0 | ||
| 008 | 900530s1990 sp b |||| | spa d | ||
| 020 | _a84-7658-213-7 | ||
| 080 | _a016:55.07 | ||
| 080 | _a55.07:016 | ||
| 100 | 1 |
_aSureda, Jaume. _9108814 |
|
| 245 | 1 | 0 |
_aGuía de la educación ambiental _b: fuentes documentales y conceptos básicos / _cJaume Sureda. |
| 250 | _a1ª ed. | ||
| 260 |
_aBarcelona : _bAnthropos, _c1990. |
||
| 300 |
_a271 p. ; _c20 cm. |
||
| 490 | 1 |
_aAutores, textos y temas. Psicología ; _v12 |
|
| 650 | 1 | 4 |
_aEducación ambiental- _vBibliografías. _912087 |
| 830 | 0 | 0 |
_aAutores, textos y temas. _pPsicología _v12 _9177279 |
| 852 |
_aES-MaACL _jL-14080 |
||
| 999 |
_c6778 _d6778 |
||